| 000 | 00000nam##2200000za#4500 |
| 001 | 9.571890 |
| 003 | CaOODSP |
| 005 | 20210624182940 |
| 007 | cr ||||||||||| |
| 008 | 150406|2008||||xxc|||||o f|0| 0 eng|d |
| 040 | |aCaOODSP|beng |
| 043 | |an-cn--- |
| 086 | 1 |aNH18-24/45-2008E-PDF |
| 110 | 2 |aCanada Mortgage and Housing Corporation. |
| 245 | 10|aFlooring choices |h[electronic resource] |
| 250 | |aRev. 2008 |
| 260 | |bCanada Mortgage and Housing Corporation |cc2003. |
| 300 | |a6p. |
| 490 | 1 |aAbout your house |vCE45 |
| 590 | |a11-24-Supp|b2011-10-24 |
| 775 | 08|tLes revêtements de sol |w(CaOODSP)9.602310 |
| 830 | #0|aAbout your house ;|vCE45|w(CaOODSP)9.505388 |
| 856 | 40|ahttp://publications.gc.ca|qPDF|s107 KB|uhttps://publications.gc.ca/collections/collection_2011/schl-cmhc/nh18-24/NH18-24-45-2008-eng.pdf|yCE45 |